000
00298nam a2200133Ia 4500
008
260604s9999 xx 000 0 und d
020
_a
9789387340305
082
_a
808.3 SHR
100
_a
Shree Book Centre
_9
35315
245
0
_a
Bahadur Darji
260
_b
SHREE
500
_a
Bahadur
942
_c
BK
999
_c
8197
_d
8197